00743nam a2200205 i 4500001000700000003000900007007000300016008004100019080001200060100002700072245004400099260003100143300005100174490005200225650003200277830005700309852003100366999001900397952012100416107914ES-MaACLt|061227s1969 sp ||||1| spa d a52(023)1 aRoman, Colin A.99921010aSecretos del cosmos / cColin A. Roman. aMadrid : bSalvat, c1969. a180 p., 4 h. : blám. col., grab. ; c19 cm.1 aBiblioteca básica Salvat de Libros RTV ; v1817aCosmografía2embne91138800aBiblioteca básica Salvat de libros RTVv189185398 aES-MaACLjE-2939 bR.69765 c107914d107914 00104070aATENEOMbATENEOMcDEPO2d2008-01-17eSCl0oE-2939p1112618r2023-02-23 00:00:00w2023-02-23yMONOGRAFIA